Diagnostika mikroprocesorů IV : Sborník přednášek

Na minha lista:
Detalhes bibliográficos
Formato: Livro
Idioma:tcheco
Publicado em: Praha : ČSVTS-FEL-ČVUT, 1982
Tags: Adicionar Tag
Sem tags, seja o primeiro a adicionar uma tag!

MARC

LEADER 00000nam a22000003a 4500
001 stu265695
005 20150408183032.8
008 130418s--------cs------------------cze-d
040 |a STU  |b slo 
041 0 |a cze 
044 |a cs 
245 |a Diagnostika mikroprocesorů IV :  |b Sborník přednášek 
260 |a Praha :  |b ČSVTS-FEL-ČVUT,  |c 1982 
300 |a 200 s 
996 |c I*Z2718  |l I  |s A  |a 24  |w stu265695_0001